[Event "Lesa op 1st"]
[Site "Lesa"]
[Date "2012.10.13"]
[Round "3"]
[White "Adorna, Roberto"]
[Black "Amato, Lauro"]
[Result "0-1"]
[WhiteElo "1440"]
[BlackElo "1584"]
[PlyCount "72"]
[EventDate "2012.10.12"]
[EventType "swiss"]
[EventRounds "5"]
[EventCountry "ITA"]
[SourceTitle "EXT 2015"]
[Source "ChessBase"]
[SourceDate "2014.11.20"]
[SourceVersion "1"]
[SourceVersionDate "2014.11.20"]
[SourceQuality "1"]

1. e4 e5 2. Bc4 Bc5 3. Nf3 d6 4. d3 Bg4 5. 0-0 a6 6. Be3 Bxe3 7. fxe3 Nf6 8. Qe1 Bxf3 9. Rxf3 Nc6 10. c3 Na5 11. Bb3 Nxb3 12. axb3 Qd7 13. Qg3 Nh5 14. Qf2 Nf6 15. Nd2 h5 16. Rf1 0-0-0 17. d4 Rhg8 18. Rxf6 gxf6 19. Qxf6 Qh3 20. Qf5+ Qxf5 21. Rxf5 exd4 22. exd4 Rh8 23. Rxf7 Rde8 24. h4 Reg8 25. Nf3 Rg4 26. e5 dxe5 27. Nxe5 Rg3 28. Nf3 Rhg8 29. Ng5 Rg4 30. Nf3 Rxg2+ 31. Kf1 Rxb2 32. c4 Kb8 33. Ne5 Rgg2 34. Nf3 Rgc2 35. Re7 Rxb3 36. Ne5 Rh3 0-1

[Event "Lesa op 1st"]
[Site "Lesa"]
[Date "2012.10.13"]
[Round "2"]
[White "Gandolfi, Attilio"]
[Black "Adorna, Roberto"]
[Result "1-0"]
[WhiteElo "1743"]
[BlackElo "1440"]
[PlyCount "83"]
[EventDate "2012.10.12"]
[EventType "swiss"]
[EventRounds "5"]
[EventCountry "ITA"]
[SourceTitle "EXT 2015"]
[Source "ChessBase"]
[SourceDate "2014.11.20"]
[SourceVersion "1"]
[SourceVersionDate "2014.11.20"]
[SourceQuality "1"]

1. d4 g6 2. Bf4 Bg7 3. Nf3 d6 4. h3 e6 5. e3 b6 6. Bd3 Bb7 7. 0-0 Ne7 8. c4 Nd7 9. Nc3 a6 10. Rc1 Nf6 11. Be2 0-0 12. Qc2 Qd7 13. Rfd1 Qc6 14. b4 Qd7 15. a3 Rfe8 16. b5 a5 17. c5 Rac8 18. c6 Nxc6 19. bxc6 Bxc6 20. a4 Nd5 21. Nb5 Nxf4 22. exf4 Bxf3 23. Bxf3 c5 24. dxc5 Rxc5 25. Qd2 Rxc1 26. Rxc1 d5 27. Rc7 Qd8 28. Qc2 Qf6 29. g3 e5 30. Bxd5 Re7 31. Rc6 Qf5 32. Qxf5 gxf5 33. Rxb6 exf4 34. Rb8+ Bf8 35. gxf4 Kg7 36. Kg2 Re1 37. Nd4 Bb4 38. Nxf5+ Kf6 39. Ne3 Ra1 40. Bc6 Bd6 41. Rb5 Rxa4 42. Rf5+ 1-0